A theory of practice : hermeneutical understanding (Record no. 78094)

MARC details
000 -CABECERA
campo de control de longitud fija 00573nam a2200205 a 4500
005 - FECHA Y HORA DE LA ÚLTIMA TRANSACCIÓN
campo de control 20210219153501.0
008 - ELEMENTOS DE LONGITUD FIJA--INFORMACIÓN GENERAL
campo de control de longitud fija 991125n 000 0 eng u
035 ## - NÚMERO DE CONTROL DEL SISTEMA
Número de control de sistema UPN01000102256
100 ## - ASIENTO PRINCIPAL--NOMBRE PERSONAL
Nombre de persona Taylor, Gordon
222 ## - TÍTULO CLAVE
Título clave HIGHER EDUCATION RESEARCH AND DEVELOPMENT
245 ## - MENCIÓN DE TÍTULO
Título A theory of practice : hermeneutical understanding
300 ## - DESCRIPCIÓN FÍSICA
Extensión 59-72
362 ## - FECHAS DE PUBLICACIÓN Y/O DESIGNACIÓN SECUENCIAL
Fecha de publicación y/o designación secuencial 1993 12, no. 1
653 0# - TERMINO DE INDIZACION - NO CONTROLADO
Término no controlado HERMENEUTICA
653 0# - TERMINO DE INDIZACION - NO CONTROLADO
Término no controlado PAPEL DEL LENGUAJE
653 0# - TERMINO DE INDIZACION - NO CONTROLADO
Término no controlado PROCESOS DE APRENDIZAJES
653 0# - TERMINO DE INDIZACION - NO CONTROLADO
Término no controlado TEORIAS DE APRENDIZAJE
904 ## - ELEMENTOS DE DATOS D LOCAL, LDD (RLIN)
a AC
b 040067
905 ## - TIPO DE MATERIAL
Tipo de material Articulo

No items available.